000
00329nam a2200145Ia 4500
005
20251222141943.0
008
251222s9999||||xx |||||||||||||| ||spa||
020
_a
88-7573-357-0
082
_a
458.33/B18
100
_a
Ballarin, Elena
245
0
_a
Destinazione Italia:
250
_a
2a.ed.
264
_b
Bonacci
942
_c
LIB
999
_c
9439
_d
9439